000 01064cam a2200229 4500
001 ##L135112
008 060925n2006 000 0 eng u
035 _a(Sirsi) u135112
041 0 _aeng
050 0 4 _a306.1 $2 18
110 1 _aUnited Kingdom
_bDepartment for Communities and Local Government
_94939
245 0 4 _aThe Elton review of regulatory and compliance requirements for registered social landlords
_bjoint DCLG/Housing Corporation action plan
260 _aLondon
_bDCLG
_c2006
520 _aSets out proposed responses and their associated deadlines to the recommendations made in Sir Les Elton's "Review of regulatory and compliance requirements for RSLs" (see L135080).
590 _aIKA031006
650 2 4 _aELTON REVIEW OF REGULATORY AND COMPLIANCE REQUIREMENTS FOR REGISTERED SOCIAL LANDLORDS
651 4 _aEngland
_y886-
690 _aResidential property
_96266
710 2 _aHousing Corporation
856 4 0 _uhttps://www.communities.gov.uk/index.asp?id=1503131
_zView the item free of charge at www.communities.gov.uk...
942 _n0
999 _c105920
_d105920